=LDR 00000nam 2200000 4500 =001 INLIS000000000012045 =005 20130612103606 =008 ***********************************Ind** =035 ##$$0010-061300000012045 =041 ##$$a Ind =082 ##$$a 584.54 =090 ##$$a 584.54, Yur e =100 ##$$a Yury, Rm Francis D =245 ##$$a Ekktromika untuk calon delta dan orari, oleh RM. Francis D Yury =260 ##$$a 1994 $b Solo =300 ##$$a 57 hlm., ilus, 21 cm =650 ##$$a Elektronik =650 ##$$a Orari =850 ##$$a NBPNMAT